Представление документа в формате RUSMARC

ПолеНазваниеЗначение
  Тип записи a
  Библиографический уровень m
001 Контрольный номер SKBR/c97d29bf-f105-45c8-b098-3b942df918ce
005 Дата корректировки 20231215122807.4
010 Индекс ISBN __
a ISBN 978-5-88788-273-4
b Уточнения в пер.
9 Тираж 1000 экз.
d Цена 500-00; 300-00
035 Другие системные номера __
a Идентификатор записи RU/Тюменская ОНБ/EKC/85/Б 24-828973245
100 Данные общей обработки __
a Данные общей обработки 20220304d2021 ma y0rusy028902 ca
101 Язык документа 0_
a Язык текста rus
102 Страна публикации __
a Страна публикации RU
105 Кодированные данные (монография) __
a Кодированные данные (монография) ac z 010ya
181 Поле кодированных данных: вид содержания _0
a Код вида содержания (ISBD) i
182 Поле кодированных данных: тип средства _0
a Код типа средства (ISBD) n
200 Заглавие и сведения об ответственности 1_
a Заглавие И вот наступило потом...
f Первые сведения об ответственности Гарри Бардин
g Последующие сведения об ответственности Независимый Альянс, Литературная газета
203 Вид содержания и тип средства __
a Вид содержания Текст
c Тип средства непосредственный
210 Выходные данные 1_
a Место издания Оренбург
c Издательство Оренбургское книжное издательство им. Г. П. Донковцева
d Дата издания 2021
215 Физическое описание __
a Объем 203, [3] с., [16] л. ил.
c Иллюстрации/тип воспроизводства цв. ил., цв. фот.
d Формат 21 см
300 Общие примечания __
a Общие примечания На авантитуле: к 80-летию автора
330 Аннотация __
a Аннотация В книгу известного режиссера-мультипликатора Гарри Яковлевича Бардина вошли его воспоминания о детстве, родителях, друзьях, коллегах, работе, приметах времени - о всем том, что оставило свой отпечаток в душе автора, повлияв на творчество, характер, мировоззрение. Трогательные истории из жизни сопровождаются богатым иллюстративным материалом: фото из личного архива автора и кадрами из мультфильмов.
517 Другие варианты заглавия 1_
a Другие варианты заглавия 80-летие Гарри Бардина
517 Другие варианты заглавия 1_
a Другие варианты заглавия Восьмидесятилетие Гарри Бардина
517 Другие варианты заглавия 1_
a Другие варианты заглавия 80-летие автора
532 Расширенное заглавие 10
a Расширенное заглавие К восьмидесятилетию автора
600 Персоналии _1
a Персоналии (Фамилия) Бардин
b Персоналии (Имя) Г. Я.
g Полное имя Гарри Яковлевич
f Даты 1941-
2 Код системы nlr_sh
606 Тематические рубрики __
a Основная рубрика Музыка и зрелищные искусства
2 Код системы nlr_sh
606 Тематические рубрики __
2 Код системы nlr_sh
a Основная рубрика Мультипликационное кино
y Географическая подрубрика СССР
y Географическая подрубрика Россия
z Хронологическая подрубрика 20 в.
610 Ключевые слова 0_
a Ключевые слова биографии
610 Ключевые слова 0_
a Ключевые слова персоналии
610 Ключевые слова 0_
a Ключевые слова воспоминания
610 Ключевые слова 0_
a Ключевые слова автобиографии
610 Ключевые слова 0_
a Ключевые слова художественное кино
610 Ключевые слова 0_
a Ключевые слова анимация
610 Ключевые слова 0_
a Ключевые слова мультипликация
610 Ключевые слова 0_
a Ключевые слова мультфильмы
610 Ключевые слова 0_
a Ключевые слова советские мультфильмы
610 Ключевые слова 0_
a Ключевые слова художники-мультипликаторы
610 Ключевые слова 0_
a Ключевые слова мультипликаторы
686 Индексы других классификаций __
2 Код системы rubbks
a Классификационный индекс 85.377(2)6-8
700 Автор _1
a Фамилия Бардин
b Имя Г. Я.
g Полное личное имя Гарри Яковлевич
f Даты 1941-
4 Код отношения 070
712 Наименование организации (Вторичная ответственность) 02
a Организация/ юрисдикция Альянс независимых издателей и книгораспространителей
712 Наименование организации (Вторичная ответственность) 02
a Организация/ юрисдикция Литературная газета
801 Источник записи _2
b Организация Тюменская ОНБ
a Страна RU
c Дата составления 20220627
g Правила каталогизации PSBO
801 Источник записи _1
b Организация Тюменская ОНБ
a Страна RU
c Дата составления 20220706
g Правила каталогизации PSBO
852 Данные о местонахождении __
i Авторский знак Б 24
j Шифр хранения 85.377(2)6-8
900 Макрообъекты __
a Макрообъекты И вот наступило потом... Бардин Г. Я., 2021
901 Тип документа __
a Ответственный КиК/Обаева; ООФиК/Волкова
t Тип документа m
903 Характеристики (МАРС) __
a Дата передачи 20230828; 20230504
c Наименование библиотеки (МАРС) Муниципальное бюджетное учреждение культуры "Централизованная библиотечная система" г. Сургут (Центральная городская библиотека им. А. С. Пушкина)
990 Данные о заказе (DOS) __
j Количество экземпляров (DOS) 1; 1
t N записи в КСУ для И/У (DOS) 202309; 202305